000 01097nam a2200337 i 4500
001 000037608
003 DO-SdBNP
005 20260406111445.0
007 ta
008 081218t1999 dr 000 f spa d
020 _a9945160222
040 _aDO-SdBNP
_bspa
_cBNPHU
_erda
041 _aspa
082 4 _aRD863.44
_bS787t 1999
_222
100 1 _aStanley, Avelino,
_d1959-
_eautor
_91536
_4aut.
245 1 0 _aTiempo muerto /
_cAvelino Stanley.
250 _aSegunda edición ;
_bDecimoséptima reimpresión, 2008
264 _aSanto Domingo :
_bCocolo Editorial,
_c1999.
300 _a221 páginas ;
_c22 cm.
336 _ardacontent
_btexto
_2txt
337 _ardamedia
_bsin mediación
_2n
338 _ardacarrier
_bvolumen
_2nc
500 _aIncluye datos biográficos del autor en la contracubierta
586 _aPremio Nacional de Novela 1997
590 _aInventariado, 2019/VM
650 0 _aNovela dominicana
_9223
650 0 _aLiteratura dominicana.
_967
650 4 _aNegros
_zCaribe (Región)
_vNovela
_964079
910 _aValidado. Control de calidad MFF
942 _2ddc
_cLBS1
999 _c37098
_d37098